Constitución de la Ciudad Autónoma de Buenos Aires /

Guardado en:
Autor Corporativo: Ciudad Autónoma de Buenos Aires.
Formato: Libro
Idioma:Spanish
Publicado: Ciudad Autónoma de Buenos Aires : Editorial Jusbaires, 2018.
Edición:1° ed. 1° reimp.
Series:Colección Normativa.
Materias:
Etiquetas: Agregar Etiqueta
Sin Etiquetas, Sea el primero en etiquetar este registro!
LEADER 00683nam a22001815a 4500
001 DER.der013780
005 20190913085937.0
008 181211s2018####ag#||||||||||||||#||spa||
020 |a 9879874057563 
110 2 |a Ciudad Autónoma de Buenos Aires. 
245 1 0 |a Constitución de la Ciudad Autónoma de Buenos Aires /  |c Consejo de la Magistratura de la Ciudad Autónoma de Buenos Aires. 
250 |a 1° ed. 1° reimp. 
260 |a Ciudad Autónoma de Buenos Aires :  |b Editorial Jusbaires,  |c 2018. 
300 |a 96 ;  |c 15 x 15 cm. 
490 0 |a Colección Normativa. 
651 7 |a Ciudad Autónoma de Buenos Aires 
653 |a Constitución 
859 |a DERECHO  |b BIB. DERECHO  |h 342.023  |i CON  |k 00  |p 008855